Ergebnisprotokoll über die 5. Expertentagung der Arbeitsgruppe Bodenschutz am 22. und 23. Oktober 1998 in Bratislava

Bibliographic Details
Main Authors: Džatko, Michal, 1931-2016 (Author), Sviček, Michal (Author)
Format: Article
Language:German
ISBN:8085361647

MARC

LEADER 00000naa a2200000uu 4500
001 vtls010962211
003 SK-MaSNL
005 20260302121233.0
008 210910|1999 xo |||||||||||||||||ger|
015 |a SNBRA 
035 |a (urnnbn)urn:nbn:sk:snk:ar-a0bsqf 
035 |a (uuid)2ffbb434-8f69-44c1-99f8-81f33cc377b9 
035 |a urn:nbn:sk:snk-aaukdj 
040 |a SNKBUCL  |b slo  |c SNKBUCL  |e AACR2 
041 0 |a ger 
044 |a xo  |c SK 
100 1 |a Džatko, Michal,  |d 1931-2016  |4 aut  |9 191244 
245 1 0 |a Ergebnisprotokoll über die 5. Expertentagung der Arbeitsgruppe Bodenschutz am 22. und 23. Oktober 1998 in Bratislava  |c Michal Džatko, Michal Sviček 
700 1 |a Sviček, Michal  |4 aut  |9 18007 
773 0 |t Beiträge 1994-1998  |d Bratislava : Forschungsinstitut für Bodenkunde und Bodenschutz, 1999  |g S. 150-152  |z 8085361647 
958 |a OND 
958 |a article11 
958 |a chapter 
999 |c 1273064  |d 1274994